000 00406 a2200109 4500
001 ART_31284
005 20260410161840.0
008 260409a
245 1 0 _aLa titularidad del Estado sobre los bienes de dominio público y la irregistrabilidad establecida en el artículo 10 de la Ley Nº 17.801
100 1 _aMolina, Marcela
773 0 _tRAP
_g- Año 36, Nº 423 (dic. 2013)
_wREV5941
999 _c24021
_d24021